000
00266nam a2200097Ia 4500
001
646802
005
20250826153649.0
008
250824s9999 xx 000 0 und d
245
0
_a
ÖMERİN ÇOCUKLUĞU GENÇLİK KLASİKLERİ
_c
MUALLİM NACİ
260
_b
TİMAŞ ÇOCUK
999
_c
646802
_d
646802